Culture Générale - Série 558 - Statistiques

Statistiques générales
  • Ce quiz a été pris 222 fois
  • Le résultat moyen est 6 sur 10
Statistiques - réponses
Question Réponse % Correct
En français, à quel jour de la semaine correspond le mot anglais "sunday" ? dimanche
100%
Dans la banlieue de quelle grande ville française Vénissieux est-elle située ? Lyon
92%
Dans quel sport Magic Johnson s'est-il illustré ? basket-ball
90%
Où Malbrough s'en va-t-il selon les premières paroles d'une chanson populaire ? en guerre
69%
Complétez la devise de l'ordre de la Jarretière : "Honni soit qui.... mal y pense
65%
Quelle ville est le chef-lieu du département du Lot ? Cahors
55%
Dans la famille Simpson, quel personnage a toujours une tétine rouge dans la bouche ? Maggie
51%
Quel adjectif utilise-t-on pour désigner de vrais jumeaux, issus d'un même oeuf ? monozygotes
34%
Complétez le titre du film de 1938 "Les Disparus de Saint-... ? Agil
27%
Quelle comédienne est "Enfin veuve", dans un film d'Isabelle Mergault en 2008 ? Michèle Laroque
27%
Aucun quiz correspondant
Distribution des résultats
% des personnes avec chaque résultat
Percentile par nombre de réponses
Votre historique - résultats
Vous n’avez pas pris ce quiz